|
|
|
|
| LEADER |
00000nam0a2200000 4500 |
| 001 |
87751 |
| 005 |
20231031102329.0 |
| 035 |
|
|
|a (RuTPU)RU\TPU\book\94187
|
| 090 |
|
|
|a 87751
|
| 100 |
|
|
|a 20051215d1970 km y0rusy50 ca
|
| 101 |
0 |
|
|a rus
|
| 102 |
|
|
|a RU
|
| 105 |
|
|
|a a z 000zy
|
| 200 |
1 |
|
|a Пневмопривод в отечественных и зарубежных горнорудных машинах
|e обзор
|f В. А. Марутов, Л. И. Пирогов, И. Г. Чернилов
|
| 210 |
|
|
|a Москва
|c НИИИНФОРМТЯЖМАШ
|d 1970
|
| 215 |
|
|
|a 57 с.
|c ил.
|
| 225 |
1 |
|
|a Угольное и горнорудное оборудование
|e 2-70-30
|
| 610 |
1 |
|
|a рудничное оборудование
|
| 610 |
1 |
|
|a пневматическое оборудование
|
| 610 |
1 |
|
|a горнорудные машины
|
| 610 |
1 |
|
|a трубопроводная арматура
|
| 675 |
|
|
|a 622.002.5-85
|v 3
|
| 700 |
|
1 |
|a Марутов
|b В. А.
|g Владимир Александрович
|
| 701 |
|
1 |
|a Пирогов
|b Л. И.
|
| 701 |
|
1 |
|a Чернилов
|b И. Г.
|
| 801 |
|
1 |
|a RU
|b 63413507
|c 20051215
|g PSBO
|
| 801 |
|
2 |
|a RU
|b 63413507
|c 20191024
|g PSBO
|
| 942 |
|
|
|c BK
|